header

Your life is worth living (Record no. 225564)

MARC details
000 -LEADER
fixed length control field 01189nam a2200301Ia 4500
100 1# - MAIN ENTRY--AUTHOR NAME
Personal name Sheen, Fulton J.
245 10 - TITLE STATEMENT
Title Your life is worth living
260 ## - PUBLICATION, DISTRIBUTION, ETC. (IMPRINT)
Place of publication Schnecksville, PA :
Name of publisher St. Andrews Press,
Year of publication 2001.
300 ## - PHYSICAL DESCRIPTION
Number of Pages 383 p. :
Other physical details ill.
650 #0 - SUBJECT ADDED ENTRY--TOPICAL TERM
Topical Term Christian life
Topical Term Conduct of life.
Topical Term Ethics in the Bible.
Topical Term Moral development.
856 40 - ELECTRONIC LOCATION AND ACCESS
Uniform Resource Identifier http://site.ebrary.com/lib/rucke/Doc?id=10206164

No items available.

© 2026 Rongo University
Contact us: librarian | system librarian | Rongo university